000
00273nam a2200109 a 4500
001
4140
005
20140414131849.0
008
090218s19uu xx 00 eng d
050
_a
M 500
_b
Ev2 2005
245
_a
Everyday science :
_b
including how things work.
999
_c
110101
_d
110101